书目信息 |
| 题名: |
神经网络
|
|
| 作者: | 库马尔 著 | |
| 分册: | ||
| 出版信息: | 北京 清华大学出版社 2006.08 |
|
| 页数: | 736页 | |
| 开本: | 23cm | |
| 丛书名: | 大学计算机教育国外著名教材系列 | |
| 单 册: | ||
| 中图分类: | TP183 | |
| 科图分类: | ||
| 主题词: | 神经网络--shen jing wang luo--高等学校--英文--教材 | |
| 电子资源: | ||
| ISBN: | 7-302-13552-5 | |
| 000 | 01102nam 2200277 450 | |
| 001 | 012007777046 | |
| 005 | 20071010144938.90 | |
| 010 | @a7-302-13552-5@dCNY73.00 | |
| 100 | @a20070611d2006 km y0chiy0120 ea | |
| 101 | 0 | @aeng |
| 102 | @aCN@b110000 | |
| 105 | @ay z 000yy | |
| 200 | 1 | @a神经网络@Ashen jing wang luo@d= Neural networks@f(印) Satish Kumar著@F(yin)Satish Kumar zhu@zeng |
| 205 | @a影印版 | |
| 210 | @a北京@c清华大学出版社@d2006.08 | |
| 215 | @a736页@d23cm | |
| 225 | 2 | @a大学计算机教育国外著名教材系列@Ada xue ji suan ji jiao yu guo wai zhu ming jiao cai xi lie |
| 306 | @a本书由清华大学出版社和美国麦格劳-希尔教育出版 (亚洲) 公司合作出版 | |
| 330 | @a本书全面系统地介绍了神经网络的基本模型、基本方法和基本技术,涵盖了神经系统科学、统计模式识别、支撑向量机、模糊系统、软件计算与动态系统等内容。 | |
| 410 | 0 | @12001 @a大学计算机教育国外著名教材系列 |
| 510 | 1 | @aNeural networks@zeng |
| 606 | 0 | @a神经网络@Ashen jing wang luo@x高等学校@x英文@j教材 |
| 690 | @aTP183@v4 | |
| 701 | 1 | @a库马尔@Aku ma er@g(Kumar, Satish)@4著 |
| 801 | 0 | @aCN@c20071010 |
| 905 | @dTP183@eK850 | |
| 神经网络= Neural networks/(印) Satish Kumar著.-影印版.-北京:清华大学出版社,2006.08 |
| 736页;23cm.-(大学计算机教育国外著名教材系列) |
| ISBN 7-302-13552-5:CNY73.00 |
| 本书全面系统地介绍了神经网络的基本模型、基本方法和基本技术,涵盖了神经系统科学、统计模式识别、支撑向量机、模糊系统、软件计算与动态系统等内容。 |
| ● |
| 相关链接 |
|
|
|
正题名:神经网络
索取号:TP183/K850
 
预约/预借
| 序号 | 登录号 | 条形码 | 馆藏地/架位号 | 状态 | 备注 |
| 1 | 244024 | 202440242 | 自科库301/301自科库 39排5列4层/ [索取号:TP183/K850] | 在馆 | |
| 2 | 244025 | 202440251 | 自科库301/301自科库 39排5列4层/ [索取号:TP183/K850] | 在馆 |